000 00466nam a2200157Ia 4500
999 _c20503
_d20503
003 OSt
005 20200708140941.0
008 190216s9999||||xx |||||||||||||| ||und||
040 _coclc
082 _a954.0072
_bMAJ/H
100 _aMajumdar, R C
_93013
245 0 _aHistoriography In Modern India /
_cR C Majumdar
260 _bAsia Publishing House,
_c1970.
_aBombay:
300 _a59p
942 _cBK
_2ddc
_h954.0072
_iMAJ/H
_k954.0072
_mMAJ/H